| 000 | 00741nam a22002297a 4500 | ||
|---|---|---|---|
| 003 | OSt | ||
| 005 | 20201026151814.0 | ||
| 008 | 201026s1968 ck ||||gr|||| 00| 0dspa d | ||
| 040 |
_aCO-JMCR _cCO-JMCR |
||
| 041 | 0 | _aspa | |
| 082 | 0 | 4 |
_a986.103 _bA141f _223 |
| 100 | 1 |
_aAbella, Arturo, _eautor _911965 |
|
| 245 | 1 | 3 |
_aEl florero de Llorente / _cArturo Abella ; Prólogo de Laureano Gómez |
| 260 |
_a[Medellín] : _bBedout, _c[1968]. |
||
| 300 |
_a214 páginas _c18 cm. |
||
| 490 |
_aBolsilibros Bedout ; _vV.8 |
||
| 504 | _aBibliografía : páginas 209-212. | ||
| 650 | 2 | 4 |
_aGonzález Llorente, José _911966 |
| 650 | 2 | 4 |
_aHistoria _zColombia _yHasta 1810. _911967 |
| 700 | 1 |
_aGómez, Laureano, _eprologuista _911968 |
|
| 942 |
_2ddc _cBK |
||
| 999 |
_c6972 _d6972 |
||